|
|
|
|
| LEADER |
01200naa a2200253 i 4500 |
| 001 |
acta84310 |
| 005 |
20240325082455.0 |
| 008 |
240325s2017 hu o 1|| eng d |
| 020 |
|
|
|a 978-963-306-530-3
|
| 040 |
|
|
|a SZTE Egyetemi Kiadványok Repozitórium
|b hun
|
| 041 |
|
|
|a eng
|
| 100 |
1 |
|
|a Jakab Péter
|
| 245 |
1 |
4 |
|a The effect of foliar fertilization on the yield and quality parameters of maize grain
|h [elektronikus dokumentum] :
|b [abstract] /
|c Jakab Péter
|
| 260 |
|
|
|a University of Szeged Faculty of Agriculture
|b Hódmezővásárhely
|c 2017
|
| 300 |
|
|
|a 48
|
| 490 |
0 |
|
|a Wellmann International Scientific Conference
|v 15
|
| 650 |
|
4 |
|a Mezőgazdaság-tudományok
|
| 650 |
|
4 |
|a Mezőgazdaság, erdészet, halászat
|
| 695 |
|
|
|a Kukoricatermesztés - előadáskivonat, Trágyázás hatása - kukorica - terméshozam - előadáskivonat, Trágyázás - növénytermesztés - előadáskivonat
|
| 700 |
0 |
1 |
|a Zoltán Gábor
|e aut
|
| 700 |
0 |
1 |
|a Festő Dávid
|e aut
|
| 700 |
0 |
1 |
|a Komarek Levente
|e aut
|
| 711 |
|
|
|a 15th Wellmann International Scientific Conference
|c Hódmezővásárhely
|d 2017. május 3.
|
| 856 |
4 |
0 |
|u http://acta.bibl.u-szeged.hu/84310/1/wellmann_abstracts_2017_048.pdf
|z Dokumentum-elérés
|